[Event "Munich SKA"]
[Site "Munich"]
[Date "1992.??.??"]
[Round "11"]
[White "Gurevich, Mikhail"]
[Black "Christiansen, Larry Mark"]
[Result "1-0"]
[WhiteElo "2635"]
[BlackElo "2595"]
[Annotator "Ftacnik,L"]
[PlyCount "91"]
[EventDate "1992.05.??"]
[EventType "tourn"]
[EventRounds "11"]
[EventCountry "GER"]
[EventCategory "14"]
[SourceTitle "CBM 030"]
[Source "ChessBase"]
[SourceDate "1992.10.01"]
[SourceVersion "1"]
[SourceVersionDate "1992.10.01"]
[SourceQuality "1"]

1. d4 Nf6 2. c4 e6 3. Nc3 Bb4 4. Qc2 c5 5. dxc5 Na6 6. a3 Bxc3+ 7. Qxc3 Nxc5 8.
b4 Na4 $5 {N} (8... Nce4) 9. Qc2 b5 10. cxb5 Nb6 11. Nf3 (11. e4 Bb7 12. f3 Rc8
13. Qb3 d5 $132) 11... Bb7 12. e3 Rc8 13. Qd1 Ne4 (13... Nc4 14. Be2 Qb6 15. a4
$14) 14. Bb2 O-O 15. Be2 Nc4 (15... Nc3 16. Bxc3 Rxc3 17. O-O $14) 16. Bd4 d6
17. O-O (17. Bxa7 Nc3 18. Qc2 Nxb5 19. Bxc4 Nxa7 $132) 17... e5 18. Rc1 (18.
Bxa7 Nc3 19. Qc2 Nxb5 20. Bxc4 Nxa7 $44) 18... Nb6 (18... Nxa3 19. Bxa7 $16)
19. Bxb6 axb6 20. Qb3 Qf6 21. Qb2 h5 $6 (21... h6) 22. Nd2 Rxc1 23. Qxc1 Rc8
24. Nxe4 Qg6 $1 25. Qd1 Bxe4 26. Bf3 (26. f3 Bb7 $44) 26... Bxf3 27. Qxf3 Qd3
28. Qb7 (28. Rd1 $2 Qxa3 29. Rxd6 Rc1+ 30. Rd1 Qa1 $19) 28... Rc3 29. Qxb6 Rxa3
30. h3 Rb3 31. Qc6 Kh7 (31... Rxb4 32. Qe8+ Kh7 33. Qxf7 Qg6 34. Qd5 $16) 32.
Qf3 Qg6 (32... Kg8 33. Ra1 Rb1+ 34. Rxb1 Qxb1+ 35. Kh2 Qxb4 36. Qc6 $16) 33.
Rd1 Rxb4 34. Qe2 Kg8 (34... Rb1 35. Kh2 Rxd1 36. Qxd1 $16) 35. Kh2 Qe6 36. Rd2
e4 $6 (36... d5 $5 $132) 37. Qxh5 f5 (37... Qe5+ 38. Qxe5 dxe5 39. Rd5 f6 $16)
38. Qg5 Qe5+ 39. g3 Rxb5 40. Qd8+ Kf7 41. Qd7+ Kg8 42. Rxd6 Kh7 43. Kg2 Ra5 (
43... Rb1 $2 44. Rd5 Qa1 45. Qxf5+ $18) 44. Re6 Qb8 (44... Qb2 45. Qf7 $18) 45.
Qf7 Re5 46. Rg6 {Ftacnik,L} (46. Rg6 Qg8 47. Rh6+ $1 Kxh6 48. Qxg8 $18) 1-0

[Event "Helsinki op"]
[Site "Helsinki"]
[Date "1992.??.??"]
[Round "9"]
[White "Shcherbakov, Ruslan"]
[Black "Gurevich, Mikhail"]
[Result "1-0"]
[WhiteElo "2530"]
[BlackElo "2625"]
[Annotator "Ftacnik,L"]
[PlyCount "65"]
[EventDate "1992.09.??"]
[EventType "swiss"]
[EventRounds "9"]
[EventCountry "FIN"]
[SourceTitle "CBM 032"]
[Source "ChessBase"]
[SourceDate "1993.02.01"]
[SourceVersion "1"]
[SourceVersionDate "1993.02.01"]
[SourceQuality "1"]

1. d4 Nf6 2. c4 e6 3. Nc3 Bb4 4. Qc2 c5 5. dxc5 Bxc5 6. Nf3 Qb6 7. e3 Qc7 8. a3
a6 9. Bd3 (9. b4) 9... Be7 10. O-O d6 11. b4 b6 12. Bb2 Bb7 13. Qe2 Nbd7 14. h3
(14. Rac1 O-O 15. e4 Ng4 16. Rfd1 Nge5 $13) 14... O-O 15. e4 Rfd8 16. Rac1 Rac8
(16... Bf8 $5) 17. Qe3 Qb8 (17... Bf8 18. Ne2 g6) 18. Ne2 a5 $6 (18... d5 19.
cxd5 exd5 20. e5 $16) (18... Bf8 19. Ng3 g6 20. Bxf6 Nxf6 21. Qxb6) 19. Rfd1
axb4 20. axb4 Bf8 $6 (20... Bc6 $14) 21. Ng3 Bc6 22. e5 $1 dxe5 (22... Bxf3 23.
exf6 Bxd1 24. fxg7 Bxg7 25. Bxg7 Kxg7 26. Qg5+ Kf8 (26... Kh8 27. Qh6 f5 28.
Qxe6 Ba4 29. Qxf5 Nf8 30. Qf6+ Kg8 31. Nf5 Rd7 32. Nh6#) 27. Rxd1 d5 28. Re1
$40) 23. Nxe5 Ba4 24. Re1 Bxb4 25. Nxd7 Nxd7 (25... Rxd7 26. Bxf6 Rxd3 (26...
gxf6 27. Qh6 Rxd3 28. Nh5 Bf8 29. Nxf6+) 27. Qxd3 Bxe1 28. Rxe1 gxf6 29. Nh5
$18) 26. Nh5 Bf8 $2 (26... g6 27. c5 $3 $18) (26... e5 27. c5 $3 (27. Qg5 Bf8
28. Rxe5 f6 (28... Nxe5 29. Nf6+ $1 Kh8 30. Qh5 h6 31. Bxe5 $18) 29. Qf5 fxe5
$13 (29... Nxe5 30. Nxf6+ $1 $18)) 27... Bxe1 (27... Bxc5 28. Qe4 $18) 28. Qg5
Kf8 29. Qxg7+ Ke8 30. Rxe1 $16) 27. Bxg7 $1 Bxg7 28. Qg5 Kf8 29. Rxe6 $1 Qe5 $8
(29... fxe6 30. Qxg7+ Ke8 31. Bxh7 Nf8 32. Nf6#) 30. Rxe5 Bxe5 31. Re1 Re8 32.
Qh6+ Ke7 33. f4 1-0

[Event "World Cup"]
[Site "Reykjavik"]
[Date "1991.??.??"]
[Round "6"]
[White "Hjartarson, Johann"]
[Black "Timman, Jan H"]
[Result "1/2-1/2"]
[WhiteElo "2550"]
[BlackElo "2630"]
[Annotator "Ftacnik,L"]
[PlyCount "84"]
[EventDate "1991.09.??"]
[EventType "tourn"]
[EventRounds "15"]
[EventCountry "ISL"]
[EventCategory "16"]
[SourceTitle "CBM 026"]
[Source "ChessBase"]
[SourceDate "1992.02.01"]
[SourceVersion "1"]
[SourceVersionDate "1992.02.01"]
[SourceQuality "1"]

1. d4 {Ernst} Nf6 2. c4 e6 3. Nc3 Bb4 4. Qc2 c5 5. dxc5 Na6 6. a3 Bxc3+ 7. Qxc3
Nxc5 8. b4 Nce4 9. Qd4 d5 10. c5 h6 11. f3 Ng5 12. h4 Ngh7 13. g4 {N} (13. Bf4
{Haik,A-Hort,V/Malta ol/1980/}) 13... O-O 14. g5 (14. Bb2 Re8 15. f4 e5 $1 16.
fxe5 Nxg4 $13) 14... Nh5 15. Bb2 (15. gxh6 {Ernst} Qf6 16. Qxf6 gxf6 $44) 15...
b6 $1 (15... Re8 16. Qe5 $1 $40) 16. gxh6 f6 17. Qg4 Qe8 18. hxg7 Nxg7 19. cxb6
e5 20. Qg2 axb6 (20... d4 21. f4 $13) 21. e4 $1 d4 (21... Bb7 22. Bd3 $13) 22.
Bd3 Kh8 23. Ne2 Nh5 (23... Be6 $5) 24. Rg1 Be6 25. Qh2 (25. Qg6 Bf7 26. Qh6 Qe6
$13) 25... b5 26. f4 Bc4 27. Qh3 Rg8 28. Kf2 Qf7 29. Qf3 Bxd3 30. Qxd3 Qc4 31.
Rxg8+ Rxg8 (31... Kxg8 32. Qf3 $40) 32. Qxc4 bxc4 33. fxe5 fxe5 34. Rc1 $6 (34.
Nxd4 exd4 35. Bxd4+ N7f6 36. Rc1 Rc8 $10) 34... c3 35. Bxc3 dxc3 36. Rxc3 N7f6
37. Kf3 Rf8 38. Ke3 Nf4 (38... Ng4+ 39. Kd2 Nf4 $15) 39. Nxf4 (39. Ng3 N4d5+ $1
$19) 39... exf4+ 40. Kd4 Ng4 41. Rf3 Rd8+ (41... Nh2 42. Rf2 f3 43. Rxh2 $1 f2
44. Rxf2 Rxf2 45. b5 $10) 42. Kc3 Rf8 {Ftacnik,L} 1/2-1/2

[Event "FRA-NED"]
[Site "Cannes"]
[Date "1990.??.??"]
[Round "2"]
[White "Ree, Hans"]
[Black "Renet, Olivier"]
[Result "1/2-1/2"]
[WhiteElo "2455"]
[BlackElo "2520"]
[Annotator "Ftacnik,L"]
[PlyCount "58"]
[EventDate "1990.02.??"]
[EventType "schev"]
[EventRounds "10"]
[EventCountry "FRA"]
[SourceTitle "CBM 018"]
[Source "ChessBase"]
[SourceDate "1990.10.01"]
[SourceVersion "1"]
[SourceVersionDate "1990.10.01"]
[SourceQuality "1"]

1. d4 Nf6 2. c4 e6 3. Nc3 Bb4 4. Qc2 c5 5. dxc5 Qc7 6. Nf3 Bxc5 7. Bg5 a6 8. e3
Be7 9. Rd1 b6 10. Be2 Bb7 11. O-O d6 12. Rd2 Nbd7 13. Rfd1 Rd8 {N} (13... O-O-O
$6 14. b4 h6 15. Bf4 e5 16. Bg3 g5 17. a4 $16 {Finegold,B-Gelfand,B/Amsterdam
OHRA-B/1989/ ->CBM 15}) 14. e4 O-O 15. b4 d5 $1 16. exd5 Bxb4 17. dxe6 fxe6 18.
Rd4 Rfe8 (18... Bc5 19. Bf4 (19. Rh4 $5) 19... e5 20. Bxe5 Nxe5 21. Rxd8 Rxd8 (
21... Nxf3+ 22. Bxf3 Rxd8 23. Rxd8+ Qxd8 24. Bxb7) 22. Rxd8+ Qxd8 23. Nxe5
Bxf2+ 24. Kxf2 Qd4+ 25. Kf1 Qxe5 $15) 19. Ne4 e5 $1 (19... Bxe4 20. Rxe4 Nxe4
21. Bxd8 Rxd8 22. Qxe4 $10) 20. Bxf6 Nxf6 21. Nxf6+ gxf6 22. Rxd8 Rxd8 23. h3
Rxd1+ 24. Qxd1 Bc5 25. Nh4 Qd6 (25... Bc8 26. Bd3 $36) 26. Qa4 Qc6 (26... Bc6
$2 27. Qxa6 Qd2 28. Qc8+ Bf8 (28... Kg7 29. Nf5+) 29. Qxc6 $18) 27. Qd1 Qd6 28.
Qa4 Qc6 29. Qd1 Qd6 {Ftacnik,L} 1/2-1/2

[Event "URS-sf Ukraine-ch"]
[Site "Kherson"]
[Date "1989.??.??"]
[Round "?"]
[White "Savchenko, Stanislav"]
[Black "Romanishin, Oleg M"]
[Result "1/2-1/2"]
[WhiteElo "2395"]
[BlackElo "2515"]
[Annotator "Ftacnik,L"]
[PlyCount "62"]
[EventDate "1989.11.??"]
[EventType "tourn"]
[EventRounds "15"]
[EventCountry "URS"]
[EventCategory "7"]
[SourceTitle "CBM 016"]
[Source "ChessBase"]
[SourceDate "1990.06.01"]
[SourceVersion "1"]
[SourceVersionDate "1990.06.01"]
[SourceQuality "1"]

1. d4 Nf6 2. c4 e6 3. Nc3 Bb4 4. Qc2 c5 5. dxc5 Bxc5 6. Nf3 Nc6 7. Bg5 Qa5 8.
Rd1 {N} Ng4 (8... Bb4 9. Bd2 O-O 10. a3 $16) 9. e3 Bb4 10. Be2 Nge5 11. Bf4
Nxf3+ (11... Bxc3+ $2 12. bxc3 Nxf3+ 13. gxf3 {Stefansson-Romanishin,O/Moscow
GMA-op/ -> TD 1989/12}) 12. gxf3 e5 13. Bg3 d6 14. f4 Be6 15. Rg1 O-O-O 16. f5
Bd7 17. Bh4 Rdg8 18. Bf3 f6 $1 19. Bd5 g5 20. fxg6 (20. Bxg8 Rxg8 21. a3 Bxc3+
22. Qxc3 Qxc3+ 23. bxc3 Rf8 $44) 20... Rxg6 21. Rxg6 hxg6 22. Bxf6 Rxh2 23. a3
Bxc3+ 24. Qxc3 Qxc3+ 25. bxc3 Kc7 26. Kf1 b6 27. Kg1 Rh7 28. Kg2 Na5 29. Kg3
Rh3+ 30. Kg2 Rh7 31. Kg3 Rh3+ {Ftacnik} 1/2-1/2

[Event "New York op"]
[Site "New York"]
[Date "1998.03.16"]
[Round "1"]
[White "Miranda, Marcio MC"]
[Black "Tiviakov, Sergei"]
[Result "0-1"]
[WhiteElo "2300"]
[BlackElo "2640"]
[Annotator "Gershon,A"]
[PlyCount "54"]
[EventDate "1998.03.16"]
[EventType "swiss"]
[EventRounds "9"]
[EventCountry "USA"]
[SourceTitle "CBM 064"]
[Source "ChessBase"]
[SourceDate "1998.06.02"]
[SourceVersion "1"]
[SourceVersionDate "1998.06.02"]
[SourceQuality "1"]

1. d4 {Ftacnik} Nf6 2. c4 e6 3. Nc3 Bb4 4. Qc2 c5 5. dxc5 Bxc5 6. Nf3 Qb6 (6...
a6 7. Bf4 b6 8. e3 Bb7 9. Be2 Be7 10. Rd1 Nh5 11. Bg3 Nc6 12. a3 Rc8 13. Qd3
Nxg3 14. hxg3 h6 15. Kf1 Qc7 16. b4 d6 17. Ne4 Rd8 $10 {Ionov,S-Anastasian,A/
St-Petersburg/1993/1-0/35/}) 7. e3 Qc7 8. Bd3 (8. b3 a6 9. Bb2 Be7 10. g4 h6
11. Rg1 b6 12. h4 Bb7 13. Be2 Nc6 14. a3 Na5 15. g5 Nh5 16. O-O-O $40 {Ilanos,
G-Panno,O/Trelew/1995/1-0/46/}) 8... b6 9. a3 (9. O-O a6 10. h3 (10. b3 Bb7 11.
e4 (11. Ne4 Be7 12. Bb2 d6 13. Rac1 Nbd7 14. Rfd1 Rc8 15. Nxf6+ Nxf6 16. Qe2 a5
17. Nd4 O-O {1/2-1/2 Erkan,M-Vitouch,A/EuYouth U14 Boys, Tallinn EST 1997})
11... Nc6 12. a3 Ng4 13. g3 h5 14. Bf4 Nce5 15. Nxe5 Nxe5 16. Qe2 h4 17. b4 Bd4
18. Rac1 g5 19. Bxg5 hxg3 20. hxg3 Ng6 21. Kg2 Qe5 22. Qd2 Qf5 $1 $17 {0-1
Blasovszky,I-Kislov,S/Zalakaros op 1995 (25)}) 10... Bb7 11. e4 Nc6 $5 12. Re1
d6 13. a3 O-O 14. Rb1 Nd7 15. b4 Nd4 16. Nxd4 Bxd4 17. Ne2 Bf6 $13 {Ruzele,
D-Yemelin,V/Moscow(ol)/1994/0-1/45/}) (9. b3 Bb7 10. Bb2 Be7 11. Rd1 Na6 12.
Nb5 Qc6 13. O-O Nc5 14. Qb1 a6 15. Nbd4 Qc7 16. Bc2 Rc8 17. Ne2 d6 18. Ng3 Ncd7
19. Bd3 O-O 20. Rfe1 Qb8 21. Nd4 Rfe8 22. Bf1 Bf8 $11 {Hort,V-Ionescu,C/Haifa
ETC 1989/0-1 (80)}) (9. Bd2 Bb7 10. O-O-O Be7 11. Kb1 Na6 12. Be2 O-O 13. a3
Nc5 14. Nd4 Nfe4 15. Be1 Nxc3+ 16. Qxc3 Bxg2 17. Rg1 Qxh2 18. Nf3 Qh3 19. Qd4
Bf6 20. Qf4 e5 21. Nxe5 Ne6 22. Qg4 Bxe5 23. Qxg2 Qxg2 24. Rxg2 Rfd8 25. f4 Bf6
26. Bf3 $44 {Petursson,M-Wahls,M/Munich 1989/1-0 (45)}) (9. Nb5 {Ftacnik} Qd8
10. Bd2 a6 (10... Bb7 $5 {/\ d5}) 11. Nbd4 Bb7 12. O-O Be7 13. Bc3 d6 14. Ng5
Qc8 $8 15. f4 h6 (15... Nbd7 $5 16. e4 h6 17. Ngxe6 fxe6 18. e5 $14) 16. Ngxe6
(16. Ngf3 Nbd7 17. e4 Nc5 $132 18. e5 dxe5) 16... fxe6 17. Bg6+ Kf8 (17... Kd8
$6 18. Qb3 $5) 18. e4 Qxc4 (18... e5 $5 {Petursson,M} 19. b3 $5) 19. e5 Nc6 20.
exf6 (20. Nxc6 Bxc6 21. exf6 gxf6 $1 {><g}) 20... Nxd4 $1 (20... Bxf6 $6 21.
Nxc6 $16 {()}) (20... gxf6 21. Nf3 $5 $13) 21. fxe7+ Kxe7 22. Qf2 Ne2+ 23. Kh1
Nxc3 24. bxc3 (24. Rac1 Qe2 {} 25. Qh4+ $2 Kd7 26. Rf2 Qe3 $19) (24. Qh4+ Kd7
25. bxc3 $17) 24... Rhf8 {Petursson,M-Schussler,H/Espoo (zt)/1989/1/2-1/2 (51)}
) 9... Bb7 10. b3 (10. b4 Be7 11. e4 d6 12. O-O Nbd7 13. Bf4 a6 14. Rfe1 Ng4 (
14... O-O {Ftacnik} 15. e5 dxe5 16. Nxe5 Bd6 17. Nxd7 Qxd7 18. Bg5 $14) 15.
Rac1 Rc8 16. Na4 O-O 17. h3 (17. Qe2 $5 {Ftacnik} Bc6 18. Nc3 $14) 17... Nge5
18. Nxe5 Nxe5 19. Bxe5 dxe5 20. c5 b5 21. Nc3 Rfd8 $132 {1/2-1/2 Rychagov,
A-Yemelin,V/St.Petersburg Chigorin 1995 (41)}) 10... Be7 11. Bb2 d6 12. Nb5 (
12. Rd1 Nc6 13. O-O a6 {-game}) 12... Qd7 (12... Qc6 {Ftacnik} 13. Rd1 {xd6})
13. Rd1 Nc6 14. O-O a6 15. Nc3 (15. Nbd4 O-O (15... Nxd4) (15... Nxd4 {Ftacnik}
16. Nxd4 O-O $11) 16. Nxc6 Bxc6 17. Ne5 $6 dxe5 18. Bxh7+ Nxh7 19. Rxd7 Bxd7
20. Bxe5 Bxa3 $15) 15... Qc7 16. Nd5 $4 {Ftacnik: White mises the tactical
finesse and loses the game with one shot.} (16. Rfe1 $142 {With a normal game.}
) 16... exd5 (16... Nxd5 $2 {Ftacnik} 17. cxd5 exd5 18. Bxg7 Rg8 19. Bb2 $18)
17. Bxf6 (17. cxd5 {Ftacnik} Nxd5 18. Bxg7 Rg8 19. Bb2 Ne5 $19) 17... dxc4 {
White, probably, missed this move.} (17... Bxf6 {Ftacnik} 18. cxd5 Rc8 19. dxc6
Qxc6 20. Qxc6+ Rxc6 21. Be4 $16) 18. Bxg7 (18. Bxc4 Bxf6 19. Bd5 O-O 20. Rc1
Rac8 $19) 18... cxd3 19. Qxd3 Rg8 20. Qxh7 O-O-O {Although white has two pawns
for the bishop his position is, of course, hopeless! Ftacnik: The result of a
combination is not encouraging, white is left with two pawns for the piece and
the king on g1 prone to be attacked by the enemy.} 21. Rc1 (21. Qf5+ {Ftacnik}
Qd7 22. Qxd7+ Kxd7 23. Bc3 Na5 $19) 21... Kb8 22. Rc4 (22. Nd4 {Ftacnik} Bf6 $3
23. Nxc6+ Bxc6 24. Qc2 Bxg7 25. Qxc6 Qxc6 26. Rxc6 Kb7 $19) 22... Qd7 (22... d5
{Ftacnik} 23. Be5 Bd6 24. Bxd6 Qxd6 25. Rf4 $17) 23. Rf4 Qe6 {/\ Ne5,Qg6} 24.
b4 (24. Rb1 {Ftacnik} f5 25. Bc3 Ne5 $19) 24... Ne5 {[%cal Gb7g2,Gg8g2]} 25.
Nxe5 (25. Nd4 {Ftacnik} Qd5 26. Nf3 f6 $19) 25... dxe5 26. Rxf7 {Ftacnik:
Small trick that will badly backfire.} Qxf7 {A 2640 player loses his queen in
one move!!! (???)} 27. Bxe5+ Ka8 (27... Ka8 28. Qxf7 Rxg2+ 29. Kh1 Rg7+ (29...
Rxf2+ {Ftacnik} 30. Kg1 Rg2+ 31. Kh1 Rg3+ 32. e4 Bxe4+ 33. Qf3 Bxf3+ 34. Rxf3
Rd1+ 35. Rf1 Rxf1#) (29... Rg7+ 30. f3 Rxf7 $19)) 0-1

[Event "Asia-ch"]
[Site "Kolkata"]
[Date "2001.08.09"]
[Round "1"]
[White "Nguyen, Anh Dung"]
[Black "Lioe, Dede"]
[Result "1-0"]
[WhiteElo "2533"]
[BlackElo "2402"]
[Annotator "Golod,V"]
[PlyCount "76"]
[EventDate "2001.08.09"]
[EventType "swiss"]
[EventRounds "11"]
[EventCountry "IND"]
[SourceTitle "CBM 085"]
[Source "ChessBase"]
[SourceDate "2001.11.13"]
[SourceVersion "1"]
[SourceVersionDate "2001.11.13"]
[SourceQuality "1"]

1. d4 Nf6 2. c4 e6 3. Nc3 Bb4 4. Qc2 c5 5. dxc5 Na6 6. a3 Bxc3+ 7. Qxc3 Nxc5 8.
f3 $5 (8. b4 $5 {You can see comments to Cramling,P-Chiburdanidze,M/Shenyang
2000/CBM 79 (1-0)(Golod,V)(88)}) 8... d6 ({More essentially:} 8... d5 $5 {
See comments to Hillarp Persson,T-Brynell,S/Goteborg,1999/CBM 69 (1-0)(46)}) 9.
e4 e5 ({Here more often was checked:} 9... O-O {See comments to Golod,
V-Gaprindashvili,V/Linares,2001/CBM 80 (1-0)(Golod,V)(47)}) 10. b4 $5 $146 ({
Was checked in the previous games:} 10. Be3 Qc7 (10... Qe7 11. Rc1 $6 (11. Rd1
$142) 11... a5 12. Ne2 a4 13. Qc2 O-O 14. Nc3 $14 {Starck,B-Handel,H/Gera,1962
(1/2-1/2)(26)}) 11. Ne2 Be6 (11... O-O 12. Qc2 Bd7 13. Nc3 h6 14. Be2 a6 15.
Rd1 $14 {Rychagov,A-Glagolev,B/Moscow,1996(1-0)(25)}) 12. Qc2 (12. Ng3 $143 O-O
13. Be2 Rfc8 14. O-O Na4 15. Qb4 Nc5 16. Qc3 Qd7 {+/=/= Zamikhovsky,A-Kirillov,
V/Moscow,1931 (0-1)(35)}) 12... O-O 13. Nc3 Rfc8 14. Be2 a6 15. Rc1 Ncd7 16.
Qd2 Qb8 17. Nd5 $14 {Flohr,S-Botvinnik,M/Leningrad,1933 (1-0)(69)}) 10... Ne6 (
{Senselessly:} 10... Na4 {in view of:} 11. Qc2 Bd7 $140 12. Be3 {[%csl Rd6] /
\Rad1,Qd2(קd6)}) 11. Bd3 ({In my opinion,it was better:} 11. Be3 $5 {(it was
necessary to occupy a diagonal: "a7-g1").}) 11... O-O {A little passively.It
deserves attention:} (11... Qb6 $5 {[%cal Rb6g1]} 12. Bb1 $140 {[%cal Gc1e3]}
Bd7 13. Be3 Qc7 {and black save a tempo.}) 12. Ne2 ({Again can be recommended:
} 12. Be3 {[%csl Ge3][%cal Ge3a7,Ge3g1,Ge3c1,Ge3h6]}) 12... a5 $6 ({All the
same it was more preferable:} 12... Qb6 $5 {[%cal Rb6g1]}) 13. Be3 $14 Nh5 $6 {
Absolutely not logically.Black can not play at once on both sides.} (13... axb4
$142 14. axb4 Rxa1+ 15. Qxa1 Bd7 16. O-O $14) 14. O-O g5 {[%csl Ye5,Yg5][%cal
Yh5f4] Black continue the wrong plan.} 15. Rfd1 {[%csl Rd6]} axb4 ({Weakly:} 
15... Nef4 {because of:} 16. Nxf4 Nxf4 17. Bf1 $16 {[%cal Gc4c5]}) 16. Qxb4 $5
{[%csl Rd6] White want more quickly to reach weakness "d6".} ({Also good
enough:} 16. axb4 $5) 16... Ra6 17. Nc3 Nhf4 18. Bf1 $16 {[%csl Rd6][%cal
Gc3b5]} g4 ({Most probably more stubborn resistance after:} 18... Nc5 19. Nb5 (
19. Bxc5 $143 dxc5 20. Qxc5 Qa5 $16) 19... Nfe6 20. Rd5 $16 {[%cal Ga1d1]}) 19.
fxg4 Qg5 {[%csl Re3][%cal Gf4h3]} 20. Kh1 Qxg4 21. Rxd6 $18 {White gets a
absolutely won position.The rest is the matter of technics.} Nd4 22. Rxa6 Nc2
$1 {It is sole chance to complicate a task of white.} (22... bxa6 $143 23. Qe7
$18 {[%csl Re5]}) 23. Qb2 Nxe3 $8 (23... Nxa1 $2 24. Rd6 {[%csl Ra1]}) 24. Rb6
({A little bit better is:} 24. Rd6) 24... f5 25. Nd5 Nfxd5 26. exd5 {[%csl Re5]
} Qe4 {[%cal Gf5f4,Gf4f3]} 27. Rb3 $5 Ng4 ({Now badly:} 27... f4 {because of:}
28. Bd3 {[%csl Re4]} Qd4 $8 29. Qxd4 exd4 30. c5 Nxd5 31. Bc4 $18) 28. h3 Ne3
29. Bd3 Qf4 30. c5 Qg3 ({Also loses:} 30... Nxd5 31. Rf1 Qa4 (31... Qe3 $143
32. Be2 {[%csl Re5]}) 32. Bc2 $1 {[%csl Ra4,Re5,Gg8][%cal Gb3g3,Gb2e5]} Qd4 33.
Qxd4 exd4 34. Rd3 Ne3 35. Bb3+ Kg7 36. Rf4 $18 {[%csl Rd4]}) 31. Qe2 {[%csl
Re3]} f4 (31... Nxd5 $2 32. Bc4 {[%csl Rd5]}) (31... e4 $2 32. Bxe4 {[%csl Re3]
}) 32. Qf3 Qh4 33. Rb2 {[%csl Yb2][%cal Yb2g2]} Rf7 34. c6 Rg7 35. Rc1 bxc6 (
35... Rg3 36. cxb7 Bxb7 37. Rxb7 {[%csl Rg8][%cal Gc1c8]}) 36. Rb8 {The white
pieces first reach the king of the contender.} Rg3 37. Rxc8+ Kg7 38. Rc7+ Kg8 (
38... Kg8 39. Rxh7 {[%csl Rh4][%cal Gh7h4]}) 1-0

[Event "EU-Cup 18th"]
[Site "Kallithea"]
[Date "2002.09.22"]
[Round "1.1"]
[White "Van Wely, Loek"]
[Black "Palo, Davor"]
[Result "1-0"]
[WhiteElo "2645"]
[BlackElo "2394"]
[Annotator "Golod,V"]
[PlyCount "87"]
[EventDate "2002.09.22"]
[EventType "team-swiss"]
[EventRounds "7"]
[EventCountry "GRE"]
[SourceTitle "CBM 092"]
[Source "ChessBase"]
[SourceDate "2003.02.06"]
[SourceVersion "1"]
[SourceVersionDate "2003.02.06"]
[SourceQuality "1"]
[WhiteTeam "Clichy Echecs 92"]
[BlackTeam "Aarhus"]
[WhiteTeamCountry "FRA"]
[BlackTeamCountry "DEN"]

1. d4 Nf6 2. c4 e6 3. Nc3 Bb4 4. Qc2 c5 5. dxc5 Na6 6. a3 Bxc3+ 7. Qxc3 Nxc5 8.
b4 Nce4 9. Qd4 {Doing this move white consciously go on acute variant, in
which black sacrifice a N and gets perfect game. Maybe Loek van Wely prepared
a strong novelty.} ({Besides,white has two normal options:} 9. Qc2 {See
comments to: Shariyazdanov,A-Akopian,V/Moscow,2002/CBM 88(0-1)(Golod,V)(35)}) (
{and} 9. Qb2 {See comments to Cramling,P-Chiburdanidze,M/Shenyang,2000/CBM 79
(1-0)(Golod,V)(88)}) 9... d5 10. c5 b6 11. f3 bxc5 12. bxc5 Qa5+ 13. Qb4 Qc7
14. fxe4 Rb8 15. Qa4+ Bd7 16. c6 {All this was repeatedly met.} O-O ({It it
also pretty interesting:} 16... Qe5 {See comments to Ionov,S-Aseev,K/St.
Petersburg,1997/CBM 58(0-1)(Ftacnik)(27)}) ({Very bad:} 16... Bxc6 {Ftacnik,L}
17. Bf4 $1 Qd7 18. Qd4 $18) 17. exd5 $5 $146 {[%mdl 8]} ({Before that white
with changeable success was using:} 17. Bd2 $5 {You can see comments to
interesting game of this line: Ivanchuk,V-De Firmian,N/Manila,1990(1-0)
(Ftacnik,L)(39)}) ({Now impossibly:} 17. cxd7 $4 {because of:} Qc3+ 18. Kd1
Nxe4 19. Nh3 Qxa1 $19) (17. Nf3 $5) 17... Qe5 ({Black does not have time on:} 
17... exd5 $4 18. Bf4) 18. Ra2 {This move is much better,than:} Qc3+ (18...
Rfc8 $2 19. Qf4 Qc3+ 20. Bd2 Rb1+ 21. Kf2 Qc5+ 22. e3 Qxd5 (22... Nxd5 $143 23.
Qh4 {[%csl Rb1,Rh7][%cal Gf1d3]} Rxf1+ 24. Kxf1 Bxc6 25. Qd4 $18) 23. cxd7 Rd8
(23... Nxd7 $143 24. Qd4 Qxa2 25. Qxd7 $18) 24. Nf3 $1 Qxa2 25. Bc4 Qc2 26.
Rxb1 Qxb1 27. Qc7 Qb6 28. Qxb6 axb6 29. Ne5 $16) 19. Bd2 Rb1+ 20. Kf2 {[%csl
Ya4][%cal Ya4h4]} Qc5+ 21. e3 ({Obviously,that it is bad:} 21. Be3 $2 Qxd5 22.
cxd7 Ne4+ $1 23. Qxe4 (23. Kf3 $4 Qf5+ 24. Bf4 Rxf1+ $19) 23... Qxe4 24. Rd2
Rb3 $1 $15 {[%csl Rd2,Ye3]}) 21... Qxd5 22. cxd7 Qxa2 23. Nf3 Rb2 $2 {Gross
blunder.} ({On my opinion,after:} 23... Rd8 {Black's position at least not
worse.}) 24. Be2 Qd5 ({Obviously of all,black missed while doing 23...Rb2 ,
that they can not take B on "d2":} 24... Rxd2 $4 25. Nxd2 Qxd2 26. Rd1 {
[%csl Gd7][%cal Gd7d8]}) ({Also badly:} 24... Rd8 {in view of:} 25. Rc1 $18 {
[%csl Rg8][%cal Gc1c8]}) 25. Rd1 {White creates a threat:26.Bc3 Ne4+ 27.Qxe4
Qxe4 28.d8Q} Ne4+ 26. Ke1 {[%cal Gd2a5]} Nxd2 $8 27. Rxd2 Rxd2 28. Nxd2 $16 Rd8
({Loses right away:} 28... Qxg2 29. Nf3 {[%cal Ga4a5]} Rd8 30. Qxa7 $18) 29.
Bb5 {Pd7 is more important,than all white's PP in king side.} Qxg2 30. Qxa7
Qxh2 31. Qb6 Qh4+ (31... Qb8 $2 32. Qxb8 Rxb8 33. Nf3 {[%cal Gf3e5,Gf3d4,Ge5c6,
Gd4c6]}) 32. Ke2 {White's king can always easily hide from checks.} h5 33. a4
$18 {[%csl Ga4][%cal Ga4a5] Now a pawn a4 easily win a game.} Qg4+ 34. Kd3 Qg5
35. Nf3 Qf6 (35... Qf5+ $143 36. Ke2 Qc2+ 37. Nd2 $18) 36. a5 Rxd7+ (36... h4
37. a6 h3 38. a7 {/\Bc6}) 37. Bxd7 Qxf3 38. Kc3 Qf6+ 39. Kc4 Qf1+ 40. Kc5 Qc1+
41. Kd6 Qa3+ 42. Kc7 h4 43. a6 h3 44. a7 ({And following could happen:} 44. a7
h2 45. Qb8+ (45. Bc6 $5) 45... Kh7 46. a8=Q {[%cal Ya8h1]} Qc1+ 47. Kd6 h1=Q
48. Qh8+ Kg6 49. Qhxh1) 1-0